[Event "GAMMA Reykjavik Open 2019"]
[Site "Reykjavik"]
[Date "2019.04.10"]
[Round "4.6"]
[White "Cornette, Matthieu"]
[Black "Parligras, Mircea-Emilian"]
[Result "1-0"]
[WhiteElo "2556"]
[BlackElo "2633"]
[Annotator "TA"]
[PlyCount "63"]
[EventDate "2019.04.04"]
[EventType "swiss"]
[EventCountry "ISL"]
[SourceTitle "playchess.com"]
[Source "ChessBase"]
[SourceQuality "1"]

{[%evp 9,63,10,11,11,11,8,15,13,16,13,11,8,10,8,16,0,5,2,0,-35,-17,-32,-43,-38,0,-37,-4,-47,-34,-34,-30,-62,-79,-130,-95,-169,-165,-156,-162,-225,0,-108,-115,-106,-116,-89,-90,-113,0,0,110,140,431,420,29966,29961]} 1. e4 c6 2. d4 d5 3. exd5 cxd5 4. c3 Nc6 5. Nf3 Bf5 {LiveBook: 4 Games} (5... Nf6 6. Bf4 Bf5 7. Qb3 Qc8 8. Nbd2 e6 9. Nh4 Bg4 10. h3 Bh5 11. Bd3 Be7 12. O-O a6 13. Rae1 Nd7 14. Ndf3 b5 {1-0 (32) Nisipeanu,L (2672)-Laznicka,V (2654) Germany 2018}) 6. Qb3 {B13: Caro-Kann: Exchange Variation and Panov-Botvinnik Attack} Qd7 7. Nh4 Bg6 8. Nxg6 {The position is equal.} hxg6 9. Be3 $146 ({Predecessor:} 9. Nd2 e6 10. Bd3 Bd6 11. Nf3 a6 12. Bd2 Nf6 13. O-O {½-½ (61) Almeida,R (2115)-Szabo,M (2254) LSS email 2014}) 9... e6 10. Nd2 Bd6 11. h4 Nh6 12. Nf3 O-O-O 13. Be2 Kb8 14. a4 Qc7 15. a5 Nxa5 16. Qa4 {[#] Strongly threatening Bxh6.} b6 17. b4 (17. Bxh6 $5 gxh6 18. Qb5 $15) 17... Nc4 18. Bxc4 dxc4 19. Bxh6 Rxh6 20. Kf1 Rh5 21. b5 (21. Ke2 $142) 21... Rd5 22. Nd2 (22. Ke2 $17) 22... e5 $19 23. Nf3 {[%cal Bd2f3,Bf3g5,Bg5f7,Bf7e5,Be5d7][%mdl 32]} Qd7 24. h5 (24. Qxc4 {might work better.} Rxb5 25. Rh3) 24... g5 $2 (24... Rxb5 $19 25. Qxc4 exd4 26. Qxd4 Qf5 27. hxg6 Bc7) 25. Qxc4 (25. h6 $11 {was the only way to keep the balance.} gxh6 26. Rxh6) 25... Rxb5 $17 ({But not} 25... Qxb5 $6 26. Qxb5 Rxb5 27. Nxg5 $15) 26. h6 {[#]} gxh6 $1 27. Rxh6 g4 28. Ng5 {And now Rxd6! would win.} Be7 (28... Rb2 $17 29. Ne4 Qf5) 29. Nxf7 $11 Rc8 (29... Rf8 $1 $11) 30. Qe6 $16 Qc7 $2 {[%mdl 8192]} (30... Qxe6 $16 31. Rxe6 Bf8) 31. Nxe5 $18 Qxc3 (31... Bd8 $18 32. Nc6+ Qxc6) 32. Nd7+ {Precision: White = 43%, Black = 41%.} 1-0

[Event "GAMMA Reykjavik Open 2019"]
[Site "Reykjavik"]
[Date "2019.04.10"]
[Round "4.7"]
[White "Libiszewski, Fabien"]
[Black "Tari, Aryan"]
[Result "1/2-1/2"]
[WhiteElo "2488"]
[BlackElo "2615"]
[Annotator "TA"]
[PlyCount "73"]
[EventDate "2019.04.04"]
[EventType "swiss"]
[EventCountry "ISL"]
[SourceTitle "playchess.com"]
[Source "ChessBase"]
[SourceQuality "1"]

{[%evp 12,73,31,15,25,17,17,3,34,29,29,22,20,29,30,33,27,37,27,44,60,25,107,94,160,182,212,119,217,214,303,306,285,295,282,0,0,0,0,0,151,23,724,29,26,38,340,0,0,0,0,0,0,0,0,0,0,0,0,0,723,715,719,686]} 1. e4 c5 2. Nf3 Nc6 3. Bb5 g6 4. Bxc6 dxc6 5. d3 Bg7 6. h3 Nf6 7. Nc3 Nd7 {B31: Sicilian: 2...Nc6 3 Bb5 g6} 8. Be3 e5 9. O-O (9. Qd2 h6 10. O-O b6 11. a3 Nf8 12. b4 Ne6 13. bxc5 f5 14. exf5 gxf5 15. Qe1 O-O 16. Rb1 e4 17. dxe4 {0-1 (36) Wang,H (2730)-Carlsen,M (2835) St Petersburg 2018}) 9... b6 {The position is equal.} 10. a4 a5 11. Nh2 $146 ({Predecessor:} 11. Qd2 O-O 12. Bh6 f6 13. Nh2 Bxh6 14. Qxh6 {½-½ (22) Mandelbaum,P (2132)-Schroeder,C (2217) Hamburg 2016}) 11... Nf8 12. f4 exf4 13. Rxf4 Be6 14. Rf2 h6 15. Nf3 Qc7 16. d4 cxd4 (16... O-O-O $11 {remains equal.}) 17. Bxd4 $16 f6 (17... O-O-O $142) 18. Qe2 $1 Rd8 19. Raf1 (19. Qe3 $1 $18 c5 20. Nd5 Bxd5 21. exd5+ Kd7 22. Bc3) 19... g5 (19... Qb7 $16 {was necessary.}) 20. Qe3 $1 $18 c5 (20... Nd7 $142 21. Nd5 Qb7) 21. Nd5 $1 {[%cal Rd5c7]} Bxd5 22. exd5+ Kd7 23. Ne5+ $2 (23. Bc3 $18 Re8 24. Qd3) 23... Kc8 $11 24. Rxf6 cxd4 (24... Bxf6 $6 25. Rxf6 cxd4 26. Qxd4 $16) 25. Qxd4 Rd7 $2 (25... Bxf6 $6 26. Rxf6 Rd6 27. Rxd6 $16) (25... Nd7 $11 26. Rc6 Nxe5 27. Rxc7+ Kxc7) 26. Kh1 ({White should play} 26. R1f3 $16) 26... Rg8 $2 {[%mdl 8192]} ({Don't go for} 26... Qxc2 $2 27. Qxb6 Bxf6 28. Rxf6 $18) (26... g4 $11) 27. Nc4 $2 (27. d6 $1 $18 Bxf6 28. Rxf6 Qxc2 29. Qd5 Rxd6 30. Qxd6) 27... Bxf6 28. Rxf6 {[#] d6 is the strong threat.} Kd8 $2 {[%mdl 8192] [#]} ({Black should try} 28... g4 $1 $14 29. d6 (29. hxg4 h5) 29... Qd8 30. Nxb6+ Kb8 31. Nxd7+ Nxd7) 29. Rxb6 $2 ({White has to play} 29. Ne5 $1 $18) 29... Qf4 {[#]} 30. d6 $1 {[%cal Rb6b8][%mdl 512]} Ke8 ({Worse is} 30... Qxd4 31. Rb8#) 31. Qd5 $40 {[%mdl 128] White attacks.} Qf1+ 32. Kh2 Qf4+ 33. Kh1 {Black must now prevent Rb8+.} Qf1+ 34. Kh2 {And now Rb8+ would win.} Qf4+ 35. Kh1 Rgg7 $2 {[%mdl 8192]} (35... Qf1+ $11 36. Kh2) 36. Rb8+ $18 Rd8 37. Qc6+ {[%mdl 32768] Accuracy: White = 50%, Black = 32%. . An unexpected result.} 1/2-1/2

[Event "GAMMA Reykjavik Open 2019"]
[Site "Reykjavik"]
[Date "2019.04.10"]
[Round "4.8"]
[White "Salomon, Johan"]
[Black "Petrosian, Tigran L."]
[Result "1/2-1/2"]
[WhiteElo "2495"]
[BlackElo "2605"]
[Annotator "TA"]
[PlyCount "61"]
[EventDate "2019.04.04"]
[EventType "swiss"]
[EventCountry "ISL"]
[SourceTitle "playchess.com"]
[Source "ChessBase"]
[SourceQuality "1"]

{[%evp 17,61,20,40,0,8,4,0,13,4,-11,-11,-11,-11,-11,-18,-20,-17,-12,-17,-28,-30,-26,-8,-27,0,-12,0,0,0,0,0,0,0,0,0,0,0,-26,-28,-39,0,-39,0,-35,0,-34]} 1. e4 c5 2. Nf3 d6 3. Nc3 Nf6 4. e5 dxe5 5. Nxe5 Nbd7 6. d4 {B50: Sicilian: 2...d6, Miscellaneous} e6 7. Bb5 cxd4 (7... a6 8. Bxd7+ Nxd7 9. Qh5 Nxe5 10. dxe5 Bd7 11. Bg5 Qc7 12. O-O-O Bc6 13. Rhe1 Be7 14. Bxe7 Qxe7 {1-0 (66) Tari,A (2620)-Sakaev,K (2584) St Petersburg 2018}) 8. Qxd4 a6 9. Bxd7+ Nxd7 {LiveBook: 6 Games} 10. Nc4 {White wants to play Ne4.} b5 11. Nd6+ Bxd6 $1 12. Qxd6 Bb7 $132 {[%mdl 2048] Black is fighting back} 13. a4 Qe7 $146 ({Predecessor:} 13... bxa4 14. O-O Qe7 15. Bf4 {½-½ (15) Kurajica,B-Polugaevsky,L Belgrade 1969}) 14. Qc7 Nf6 15. Qxe7+ Kxe7 16. axb5 axb5 17. Rxa8 Rxa8 18. Nxb5 Bxg2 19. Rg1 Be4 20. Na3 Nd5 21. Ke2 Bg6 22. c4 Nb4 23. Bd2 Nc6 24. Bc3 e5 25. f3 Ra4 26. Ke3 f6 27. h4 Kf8 28. Rd1 Ke7 29. Rg1 Kf8 30. Rd1 Ke7 31. Rg1 {Precision: White = 71%, Black = 57%.} 1/2-1/2

[Event "GAMMA Reykjavik Open 2019"]
[Site "Reykjavik"]
[Date "2019.04.10"]
[Round "4.9"]
[White "Hambleton, Aman"]
[Black "Van Foreest, Jorden"]
[Result "1/2-1/2"]
[WhiteElo "2484"]
[BlackElo "2598"]
[Annotator "TA"]
[PlyCount "73"]
[EventDate "2019.04.04"]
[EventType "swiss"]
[EventCountry "ISL"]
[SourceTitle "playchess.com"]
[Source "ChessBase"]
[SourceQuality "1"]

{[%evp 9,73,0,0,-9,0,-4,63,14,26,30,28,21,29,-22,-11,-23,-12,-16,0,-33,-2,-20,-21,-28,-27,-36,-28,-34,-40,-107,-66,-69,-32,-28,-28,-46,-43,-38,1,0,0,0,0,0,0,5,12,18,19,0,0,0,0,0,0,0,26,17,18,18,21,20,42,20,24,0]} 1. d4 Nf6 2. Bf4 d5 3. e3 c5 4. c3 Nc6 5. Nd2 Bf5 (5... Qb6 6. Qb3 Nh5 7. Qxb6 axb6 8. Bc7 cxd4 9. exd4 e5 10. Bxe5 Nxe5 11. dxe5 Bc5 12. g3 O-O {1-0 (76) Aronian,L (2765)-Caruana,F (2832) London 2018}) 6. Qb3 {D00: 1 d4 d5: Unusual lines} Qc8 7. Ngf3 h6 (7... e6 $11) 8. Ne5 {White is slightly better.} e6 $146 ({Predecessor:} 8... c4 9. Ndxc4 dxc4 10. Bxc4 e6 11. Bb5 a6 12. Ba4 b5 13. Bxb5 axb5 14. Qxb5 {1-0 (55) Jacobsen,M (2102)-Petersen,S (2063) Copenhagen 2014}) 9. Bb5 Nd7 10. Nxd7 Qxd7 11. Nf3 (11. e4 $142 c4 12. Qa4) 11... a6 12. Ne5 Qc8 13. Be2 Be7 14. O-O O-O 15. Qd1 c4 16. Re1 b5 {[%cal Bb7b5,Bb5b4][%mdl 32]} 17. Qd2 b4 18. Bd1 a5 19. e4 (19. Bc2 $15) 19... Bxe4 20. Nxc4 Qd8 21. Ba4 Rc8 22. Ne3 bxc3 23. bxc3 Bd6 24. Bxd6 Qxd6 25. c4 Qb4 26. Qxb4 Nxb4 27. f3 Bg6 28. cxd5 exd5 29. a3 Nd3 30. Nxd5 Nxe1 31. Ne7+ {[%mdl 64] [#] Double Attack} Kh7 {Threatens to win with ...Rc4.} 32. Nxc8 Rxc8 33. Rxe1 Rc4 34. Be8 Rxd4 35. Re5 Rd8 36. Bc6 Rc8 37. Be4 {Accuracy: White = 51%, Black = 35%.} 1/2-1/2

[Event "GAMMA Reykjavik Open 2019"]
[Site "Reykjavik"]
[Date "2019.04.10"]
[Round "4.10"]
[White "Potkin, Vladimir"]
[Black "Bjornsson, Sigurbjorn"]
[Result "1-0"]
[WhiteElo "2597"]
[BlackElo "2312"]
[Annotator "RC"]
[PlyCount "89"]
[EventDate "2019.04.04"]
[EventType "swiss"]
[EventCountry "ISL"]
[SourceTitle "playchess.com"]
[Source "ChessBase"]
[SourceQuality "1"]
[TimeControl "40/5400+30:1800+30"]

1. d4 {[%emt 0:00:00]} Nf6 {[%emt 0:00:00]} 2. Nf3 {[%emt 0:00:00]} g6 {[%emt 0:00:17]} 3. g3 {[%emt 0:00:09]} Bg7 {[%emt 0:00:06]} 4. Bg2 {[%emt 0:00:06]} O-O {[%emt 0:00:23]} 5. O-O {[%emt 0:00:05]} d6 {[%emt 0:00:25]} 6. a4 {[%emt 0:00:15]} a5 {[%emt 0:00:49]} 7. Re1 {[%emt 0:01:39]} Ne4 {[%emt 0:08:40]} 8. c3 {[%emt 0:14:37]} c6 {[%emt 0:07:18]} 9. Nbd2 {[%emt 0:06:42]} Nxd2 {[%emt 0:02:49]} 10. Bxd2 {[%emt 0:00:07]} e5 {[%emt 0:04:08]} 11. e4 {[%emt 0:02:20]} Nd7 {[%emt 0:07:49]} 12. Qc2 {[%emt 0:09:04]} Re8 {[%emt 0:01:12]} 13. Rad1 {[%emt 0:00:14]} Qc7 {[%emt 0:02:16]} 14. Be3 {[%emt 0:01:30]} Nf6 {[%emt 0:02:22]} 15. h3 {[%emt 0:04:18]} Be6 {[%emt 0:07:58]} 16. Ng5 {[%emt 0:03:13]} Bc8 {[%emt 0:10:58]} 17. Bf1 {[%emt 0:18:51]} h6 {[%emt 0:02:05]} 18. Nf3 {[%emt 0:00:27]} Be6 {[%emt 0:09:44]} 19. dxe5 {[%emt 0:10:40]} dxe5 {[%emt 0:00:05]} 20. c4 {[%emt 0:00:43]} b6 {[%emt 0:08:47]} 21. c5 {[%emt 0:01:11]} bxc5 {[%emt 0:00:02]} 22. Bxc5 {[%emt 0:00:35]} Nd7 {[%emt 0:00:41]} 23. Bd6 {[%emt 0:04:46]} Qb7 {[%emt 0:01:08]} 24. Nd2 {[%emt 0:00:21]} Nf8 {[%emt 0:04:30]} 25. Nc4 {[%emt 0:03:45]} Bxc4 {[%emt 0:00:40]} 26. Bxc4 {[%emt 0:00:05]} Ne6 {[%emt 0:00:15]} 27. Bxe6 {[%emt 0:01:46]} Rxe6 {[%emt 0:00:04]} 28. Rd3 {[%emt 0:04:22]} Bf8 {[%emt 0:02:14]} 29. Bxf8 {[%emt 0:00:55]} Rxf8 {[%emt 0:01:13]} 30. Red1 {[%emt 0:00:25]} Rb8 {[%emt 0:04:57]} 31. b3 {[%emt 0:00:07]} Kg7 {[%emt 0:01:05]} 32. h4 {[%emt 0:01:06]} h5 {[%emt 0:00:16]} 33. Rc3 {[%emt 0:01:04]} Qb4 {[%emt 0:01:36]} 34. Rd7 {[%emt 0:01:05]} Rf6 {[%emt 0:02:20]} 35. Kg2 {[%emt 0:01:42]} Rb6 {[%emt 0:01:52]} 36. Rd8 {[%emt 0:03:23]} Rb7 {[%emt 0:00:27]} 37. Qd3 {[%emt 0:00:46]} Qb6 {[%emt 0:02:12]} 38. f3 {[%emt 0:00:42]} Qb4 {[%emt 0:02:10]} 39. Qc2 {[%emt 0:00:33]} Qb6 {[%emt 0:02:35]} 40. Rcd3 {[%emt 0:00:00]} Qb4 {[%emt 0:00:00]} 41. Qc3 {[%emt 0:10:02]} Qa3 {[%emt 0:12:53]} 42. Qxe5 {[%emt 0:03:19]} Qa2+ {[%emt 0:01:25]} 43. Rd2 {[%emt 0:04:24]} Qxb3 {[%emt 0:02:07]} 44. Qe8 {[%emt 0:00:58]} Qxf3+ {[%emt 0:01:38]} 45. Kh2 {[%emt 0:00:06]} 1-0

[Event "GAMMA Reykjavik Open 2019"]
[Site "Reykjavik"]
[Date "2019.04.10"]
[Round "4.11"]
[White "Thorfinnsson, Bragi"]
[Black "Christiansen, Johan-Sebastian"]
[Result "1-0"]
[WhiteElo "2436"]
[BlackElo "2571"]
[Annotator "TA"]
[PlyCount "99"]
[EventDate "2019.04.04"]
[EventType "swiss"]
[EventCountry "ISL"]
[SourceTitle "playchess.com"]
[Source "ChessBase"]
[SourceQuality "1"]

{[%evp 11,98,0,29,-4,8,-16,10,0,5,0,0,0,0,0,0,0,0,0,19,14,12,9,16,-14,-9,-8,0,-10,-18,-11,-7,-33,5,5,8,6,8,8,15,15,16,-17,0,0,0,0,24,0,0,0,0,0,0,0,85,75,92,93,91,80,114,89,194,186,231,169,234,234,611,291,631,562,2126,1865,3003,2837,5891,5820,29992,-641,29982,29983,29992,29993,29993,29992,29994,29995,29999]} 1. Nf3 d5 2. g3 g6 3. Bg2 Bg7 4. d4 Nf6 5. O-O O-O 6. c3 b6 7. a4 {D02: 1 d4 d5 2 Nf3 sidelines, including 2...Nf6 3 g3 and 2...Nf6 3 Bf4} Bb7 8. Bf4 c5 9. a5 {The position is equal.} cxd4 $146 ({Predecessor:} 9... Nbd7 10. Ne5 Nxe5 11. Bxe5 e6 12. Nd2 Nd7 13. Bxg7 Kxg7 14. axb6 axb6 {½-½ (14) Artemiev,V (2709)-Cheparinov,I (2709) Skopje 2018}) 10. cxd4 bxa5 11. Qa4 Nc6 12. Ne5 Qb6 13. Nc3 e6 14. e3 Rfb8 ({Much worse is} 14... Qxb2 $6 15. Rab1 $16) 15. Rfc1 Nxe5 16. Bxe5 Bc6 17. Qxa5 Qxa5 18. Rxa5 Rxb2 19. Nd1 Rb5 $1 {[%cal Rb5a5]} 20. Ra3 Be8 21. Nc3 Rb7 (21... Rb2 {with more complications.} 22. Bf3 a5 23. Rca1 Rc8 24. Na4 Bxa4 25. Rxa4 Rcc2) 22. Bxf6 Bxf6 23. Nxd5 $1 exd5 24. Bxd5 Rab8 {Hoping for ...Rb1.} 25. Bxb7 Rxb7 26. Rca1 Kg7 27. Rxa7 Rb2 28. Rc1 h5 29. Rc8 Bb5 30. Rcc7 Rb1+ 31. Kg2 Be8 32. h4 Rb8 {[#]} (32... Rb2 $1 $11 {remains equal.}) 33. d5 $1 $16 Be5 34. Rcb7 {Black must now prevent Rxb8.} Rd8 35. e4 Rc8 36. Ra2 Bd6 (36... Rd8 $16) 37. f4 $18 Rc5 38. Rd2 Rc1 (38... Rb5 $142 39. Rxb5 Bxb5) 39. e5 Bc5 $2 (39... Ba3 40. Ra2 Rc3) 40. Rc7 (40. Ra2 $142) 40... Bb5 $2 (40... Rg1+ 41. Kh2 Bb6) 41. d6 Bf1+ {[#]} 42. Kh2 $1 Bb5 43. d7 Bg1+ 44. Kg2 Rc2 45. Rc5 $4 {[%mdl 8192]} (45. Rdxc2 {and all is fine.} Bxd7 46. Rxd7 Bb6 47. e6 Bd8 48. Rxf7+ Kh6 49. e7 Bb6 50. e8=Q Bd4 51. Qf8+ Bg7 52. Qxg7#) 45... Rxc5 $4 {[%mdl 8192]} (45... Rxd2+ $19 46. Kxg1 Bxd7) 46. d8=Q {White mates.} Rc1 47. Qf6+ Kh7 48. Rd8 {[%csl Gd8][%cal Rf6h8]} Bc6+ 49. Kh3 {[%csl Gd8][%cal Rf6h8]} Rc2 50. Rh8# {Accuracy: White = 61%, Black = 24%.} 1-0

[Event "GAMMA Reykjavik Open 2019"]
[Site "Reykjavik"]
[Date "2019.04.10"]
[Round "4.12"]
[White "Sarkar, Justin"]
[Black "Fier, Alexandr"]
[Result "1/2-1/2"]
[WhiteElo "2337"]
[BlackElo "2570"]
[Annotator "TA"]
[PlyCount "158"]
[EventDate "2019.04.04"]
[EventType "swiss"]
[EventCountry "ISL"]
[SourceTitle "playchess.com"]
[Source "ChessBase"]
[SourceQuality "1"]

{[%evp 25,158,-10,-6,-40,-39,-62,-42,-97,-103,-106,0,-6,-19,0,2,0,0,0,0,0,0,0,0,-2,0,0,0,0,0,0,0,0,109,107,264,254,910,865,1014,927,578,244,238,229,240,222,208,147,165,124,150,153,173,175,169,169,122,176,169,169,177,169,208,204,184,184,210,58,59,58,56,55,49,37,31,16,23,12,10,11,191,198,29968,29969,29976,29977,29977,4610,29980,29981,29981,29982,29982,29982,29984,29985,29994,29995,29995,0,0,0,589,0,0,0,0,0,0,0,0,0,0,0,0,0,0,0,0,0,0,0,0,0,0,0,0,0,0,0,0,0,0,0,0]} 1. d4 Nf6 2. c4 c5 3. d5 e6 4. Nc3 exd5 5. cxd5 d6 6. e4 g6 7. f4 Bg7 8. Nf3 O-O 9. Bd3 b5 10. Bxb5 Nxe4 11. Nxe4 Qa5+ 12. Kf2 Qxb5 13. Nxd6 Qb6 14. Nxc8 {A68: Modern Benoni: Four Pawns Attack without 9...Re8} Rxc8 15. Qb3 (15. Rb1 Rd8 16. Qa4 Na6 17. Qc4 Rab8 18. Rd1 Qd6 19. a3 Nc7 20. Be3 Nxd5 21. Bxc5 Qxf4 22. Qxf4 Nxf4 23. Rxd8+ Rxd8 {1-0 (50) Pascua,H (2447)-Baimurzin,A (2096) Al Ain 2015}) 15... Qd6 {[%mdl 1024] Black has compensation.} 16. Ne5 $146 ({White should play} 16. Rd1 $15) ({Predecessor:} 16. Re1 Nd7 17. Rb1 c4 18. Qc2 Nf6 19. Rd1 Nxd5 20. Qe4 Nc3 21. bxc3 Qxd1 22. Ba3 Qd3 23. Qb7 Bxc3 {0-1 (23) Rosenstock,E-Eising,J (2330) Germany 1992}) 16... Nd7 $1 $17 (16... Bxe5 $6 17. fxe5 Qxe5 18. Re1 $11) 17. Nc6 Nb8 (17... Re8 $17 {With the idea ...Re4.} 18. Rd1 Re4) 18. Ne5 $1 $11 {Threatening Qb7.} Na6 19. Rd1 $36 {[%mdl 2048] White has good play.} c4 {[%mdl 64] Decoy} 20. Nxc4 Qc5+ $1 21. Ne3 Rab8 22. Qd3 Nb4 23. Qe4 Re8 24. Qc4 Qd6 25. Bd2 f5 {Threatens to win with ...Re4.} 26. g3 Re4 27. Bxb4 $1 Rxb4 28. Qc8+ Kf7 (28... Bf8 $1 $11 29. b3 Rxf4+ 30. Kg1 (30. gxf4 Qxf4+ {[%mdl 64] Double Attack} 31. Kg2 Qe4+ 32. Kf2 Qf4+ {[%mdl 64] Double Attack} 33. Kg2 Qe4+ 34. Kf2 Qf4+ $11 {[%mdl 64] Double Attack}) 30... Rfd4) 29. Rac1 $1 $16 {[%cal Rc1c7] Strongly threatening Rc7+.} Rxb2+ $2 (29... Bd4 $16 {was worth a try.} 30. Rxd4 Rbxd4) 30. Kf3 $18 (30. Rc2 Rxc2+ 31. Nxc2 Rxf4+ 32. gxf4 Qxf4+ 33. Ke1 (33. Ke2 Qg4+ 34. Kd2 Bh6+ 35. Ke1 Qg1+ 36. Ke2 Qg2+ 37. Ke1 Qe4+ 38. Kf2 Qf4+ 39. Ke2 Qg4+ 40. Kf2 Qxd1 $11) 33... Qe4+ 34. Kf2 Qf4+ 35. Ke1 (35. Ke2 Qg4+ 36. Kd2 Bh6+ 37. Ke1 Qe4+ 38. Kf2 Qf4+ 39. Ke2 Qe4+ 40. Kf1 Qf4+ 41. Ke1 Qe4+ 42. Kf2 Qf4+ 43. Ke2 Qg4+ 44. Kf2 Qxd1 $11) 35... Qe4+ 36. Kf2 Qf4+ $11) 30... Qe7 $2 (30... Rb8 31. Qc7+ Qxc7 32. Rxc7+ Kf8) 31. Re1 $1 (31. Nxf5 {gets mated.} Rxf4+ $1 {[%mdl 512]} 32. Kxf4 Rf2+ 33. Kg4 Qe2+ 34. Kh4 Qh5#) 31... Qf8 32. Nxf5 Rxe1 33. Rxe1 (33. Rc7+ $142 Kf6 34. Qa6+ Rb6 35. Qxa7 Rf1+ 36. Kg2 Kxf5 37. Rf7+ Qxf7 38. Qxf7+ Ke4 39. Qxg7) 33... Qxc8 34. Nd6+ {[%mdl 64] Double Attack} Kf8 35. Nxc8 Rxa2 {[%mdl 4096] Endgame KRB-KRN} 36. d6 {aiming for d7.} Rd2 37. Re7 a5 38. Ra7 $1 Bc3 39. h4 h5 {[#]} 40. d7 $1 Bf6 41. Nb6 Rd3+ 42. Ke2 Rxg3 43. Ra8+ ({But not} 43. Rxa5 $6 Bd8 $14) 43... Kf7 44. d8=Q Bxd8 45. Rxd8 {KRN-KR} Rh3 46. Rd5 $2 (46. Nc4 $18) 46... Rxh4 $14 47. Kf3 Rh3+ 48. Ke4 Rb3 49. Nc4 Rb4 50. Kd4 a4 51. Rd6 {Hoping for Kc5.} Kg7 52. Kc5 Rb3 $2 (52... Rb1 $11) 53. Ne5 $18 a3 $2 (53... Rg3 $18 54. Ra6 a3) 54. Rxg6+ Kh7 55. f5 a2 56. Ra6 (56. f6 $142 Rb7 57. Rg1 h4 58. f7 Rc7+ 59. Kd6 Rc8 60. Ke7 h3 61. f8=Q Rxf8 62. Kxf8) 56... Rb2 57. f6 Rf2 58. f7 Kg7 59. Kd6 h4 60. Ke7 Rf5 61. Rg6+ Kh7 62. Rg1 $2 (62. f8=N+ {mates} Rxf8 63. Kxf8 a1=Q 64. Rg7+ Kh6 65. Nf7+ Kh5 66. Rg5#) 62... Rxe5+ $11 {KR-KR} 63. Kf6 Re3 $2 {[%mdl 8192]} (63... Re2 $1 $11 {and Black is okay.}) 64. f8=Q $2 (64. Rg7+ $18 Kh6 65. Rg6+ Kh7 {[#]} 66. Rh6+ $1 {[%mdl 576] Decoy, Promotion} Kxh6 67. f8=Q+ Kh5 68. Qh8+ Kg4 69. Qg8+ Kf4 70. Qxa2) 64... Rf3+ {The position is equal.} 65. Ke7 {[%csl Gg1][%cal Rf8g7]} Rxf8 66. Kxf8 {KR-KPP} Kh6 $1 67. Kf7 a1=Q 68. Rxa1 {KR-KP} Kg5 69. Ke6 {White threatens Ke5 and mate.} h3 70. Ke5 Kg4 71. Ra4+ Kg3 72. Ra3+ Kg2 73. Kf4 {White wants to mate with Ra2+.} h2 74. Ra2+ Kh3 $1 75. Ra1 {Threatening mate with Kf3.} Kg2 76. Kg4 {Ra2+ would kill now.} h1=Q 77. Ra2+ Kg1 {( -> ...Qd5)} 78. Ra1+ Kg2 79. Rxh1 Kxh1 {Accuracy: White = 57%, Black = 50%.} 1/2-1/2

[Event "GAMMA Reykjavik Open 2019"]
[Site "Reykjavik"]
[Date "2019.04.10"]
[Round "4.13"]
[White "Stefansson, Hannes"]
[Black "Alashtar, Aasef"]
[Result "1-0"]
[WhiteElo "2558"]
[BlackElo "1905"]
[Annotator "TA"]
[PlyCount "27"]
[EventDate "2019.04.04"]
[EventType "swiss"]
[EventCountry "ISL"]
[SourceTitle "playchess.com"]
[Source "ChessBase"]
[SourceQuality "1"]

{[%evp 10,27,58,58,61,28,70,82,135,114,125,128,270,289,384,419,1359,1362,1302,1304]} 1. e4 e6 2. d4 d5 3. Nc3 dxe4 4. Nxe4 Bd7 5. Bd3 Bc6 6. Ne2 {[%cal Bg1e2,Be2g3,Bg3f5][%mdl 32] LiveBook: 6 Games. C10: French with 3 Nc3: Unusual Black 3rd moves and 3...dxe4} Nf6 (6... Nd7 7. f3 Ngf6 8. Be3 Be7 9. Nxf6+ Nxf6 10. c4 a6 11. Qc2 O-O 12. O-O-O b5 13. d5 exd5 {0-1 (67) Boruchovsky,A (2542)-Predojevic,B (2622) chess.com INT 2018}) 7. f3 {[%cal Bf2f3,Bf3e4][%mdl 32]} Nxe4 $146 ({Predecessor:} 7... Nbd7 8. Be3 Bxe4 9. fxe4 Nxe4 10. Bxe4 Qh4+ 11. Ng3 Bd6 12. Kd2 Bxg3 13. Bxb7 Nb6 14. hxg3 Qxg3 15. Rh3 Nc4+ 16. Kc1 Qd6 17. Bxa8 Qb4 18. Rb1 O-O 19. c3 Qa5 20. Qd3 {1-0 (20) Calavalle,G (2247)-Mantovan,G (1793) Trieste 2017}) 8. fxe4 {White is slightly better.} Bd6 (8... Qh4+ $142 9. g3 Qg4) 9. O-O $16 e5 10. Ng3 {Threatens to win with Nf5.} Be7 {[#]} (10... O-O $16) 11. Nf5 $1 $18 {[%cal Rf5g7]} ({Not} 11. dxe5 O-O $16) 11... Bf6 12. Qf3 exd4 {[#]} (12... O-O $142 13. Qg3 g6 14. dxe5 Bg7 15. Nxg7 Kxg7) 13. Nxg7+ $1 {[%mdl 512]} Kf8 (13... Bxg7 14. Qxf7#) 14. Bh6 1-0

[Event "GAMMA Reykjavik Open 2019"]
[Site "Reykjavik"]
[Date "2019.04.10"]
[Round "4.14"]
[White "Lagarde, Maxime"]
[Black "Pedersen, Soren Sandmann"]
[Result "1-0"]
[WhiteElo "2612"]
[BlackElo "1724"]
[Annotator "TA"]
[PlyCount "55"]
[EventDate "2019.04.04"]
[EventType "swiss"]
[EventCountry "ISL"]
[SourceTitle "playchess.com"]
[Source "ChessBase"]
[SourceQuality "1"]

{[%evp 11,55,-8,0,0,0,0,5,2,-12,-6,-16,-20,37,23,25,26,41,1,31,0,26,1,23,0,44,10,34,18,16,0,60,28,39,61,144,148,226,183,464,470,762,739,750,741,666,562]} 1. b3 e5 2. Bb2 Nc6 3. e3 Nf6 4. c4 d5 5. cxd5 Nxd5 6. a3 Bd6 7. d3 {A01: Nimzowitsch-Larsen Opening} O-O 8. Nf3 Qe7 9. Nbd2 {The position is equal.} f5 10. b4 {[%cal Bb3b4,Bb4b5][%mdl 32]} Kh8 {next ...e4 is good for Black.} 11. Qc2 Nf6 $146 (11... Bd7 $11) ({Predecessor:} 11... Bd7 12. Be2 Rae8 13. Nc4 e4 14. Nxd6 cxd6 15. dxe4 fxe4 16. Nd4 Qg5 17. g3 Rxf2 18. Nxc6 Nxe3 19. Qc3 Ref8 20. Nd4 Rxe2+ {0-1 (20) Gorovets,A (2345)-Fedorov,A (2603) Minsk 2005}) 12. b5 Nd8 {[%cal Bc6d8,Bd8f7,Bf7g5,Bg5e6][%mdl 32]} 13. Nc4 {[%cal Rf3e5,Bd2c4,Bc4a5,Ba5c6,Bc6d4][%mdl 32]} e4 14. Nfe5 Nf7 (14... a6 $5 {[%cal Ra6b5]} 15. Nxd6 cxd6 $11) 15. d4 Bxe5 16. dxe5 Nd7 17. Rc1 Ng5 18. Na5 Ne6 19. Bc4 Ndc5 20. O-O b6 (20... f4 $11) 21. Nc6 Qg5 22. f4 $36 {[%mdl 2048] White fights for an advantage.} Qh4 ({Black should try} 22... exf3 $14 23. Rxf3 Bb7) 23. Nd4 $16 Qe7 (23... a6 $16) 24. a4 a5 $2 {[#]} (24... Nxd4 25. exd4 Nd3) 25. Ba3 $18 {White is clearly winning.} Rd8 (25... Qf7 $142 26. Qa2 Re8 27. Bxc5 bxc5) 26. Bxe6 Bxe6 27. Bxc5 bxc5 28. Qxc5 {Accuracy: White = 55%, Black = 18%.} 1-0